| 000 | 00631nam a2200217Ia 4500 | ||
|---|---|---|---|
| 005 | 20260429112030.0 | ||
| 008 | 260429s9999||||xx |||||||||||||| ||und|| | ||
| 020 | _a9789819994953 | ||
| 041 | _aEnglish | ||
| 082 |
_a302.231068 _bSUT |
||
| 100 | _aSutherland, Karen E. | ||
| 245 | 0 |
_aStrategic social media management : _btheory and practice / _cKaren E. Sutherland |
|
| 250 | _a2nd ed. | ||
| 260 |
_aSingapore : _bPalgrave Macmillan, _c2024. |
||
| 300 | _axxv, 607 p.; pbk | ||
| 650 | _a Communication media | ||
| 650 | _a Social media | ||
| 650 | _a Strategic management | ||
| 650 | _aSocial interaction | ||
| 942 | _cTB | ||
| 999 |
_c51996 _d51996 |
||